| 000 | 00639nam a22002051i 4500 | ||
|---|---|---|---|
| 001 | 000030314 | ||
| 003 | RuMoIPM | ||
| 005 | 20260415113834.0 | ||
| 008 | 130416s1963----ur | c rus | ||
| 040 |
_aRuMoIPM _brus _ercr |
||
| 041 | 0 | _arus | |
| 080 | _a51-8 | ||
| 100 | 1 | _aКордемский, Борис Анастасьевич | |
| 245 | 1 |
_aМатематическая смекалка _cБ. А. Кордемский |
|
| 250 | _a7-е изд., перераб. | ||
| 260 |
_aМосква _bФизматгиз _c1963 |
||
| 300 |
_a567 с. _bил. |
||
| 650 |
_2psbo _aМатематика занимательная |
||
| 942 | _cBK | ||
| 999 |
_c30314 _d30314 |
||